000 004160000a22001690004500
005 20250903144005.0
020 _a3540068279
082 _a582.0463 STA
100 _aLinskens, H F
100 _aStanley, R G
245 _aPollen biology Biochemistry Management
260 _aNew York, Springer - verlag Berlin Heidelberg
260 _c1974
300 _a307
650 _aPollen / Agriculture
942 _cBK
999 _c367035
_d367035